000 00479nam a2200145 a 4500
001 000045034
005 20201002045824.0
008 150129s199u xxu 000 0 spa d
040 _aDO-SdBNP
_bspa
_cBNPHU
100 1 _aCannan Graves, Helen
_973036
245 1 0 _aConoce tu biblia. /
_cHelen Cannan Graves; traducción, Floreal Ureta.
260 _aEl Paso, Texas, EE. UU. :
_bCasa bautista de publicaciones.
300 _a116 p. ;
_c17 cm.
700 1 _aUreta, Floreal
_etrad.
_938378
999 _c44523
_d44523